000
00266nam a22001217a 4500
008
180226b xxu||||| |||| 00| 0 eng d
041
_a
eng
080
_a
61
100
_a
6
101
_a
ANA
245
_a
The anesthesia drugs handbook
_c
Omoigui,S
942
_2
udc
_c
BK
999
_c
43514
_d
43514